=LDR 00000nam 2200000 4500 =001 INLIS000000000063314 =005 20240226064453 =035 ##$$a 0010-0224000184 =007 ta =008 240226################g##########0#ind## =020 ##$$a 978-602-0894-94-2 =082 ##$$a 297.425 1 =084 ##$$a 297.425 1 Waw r =245 1#$$a Ringankan akhiratmu dengan menanam tumbuhan /$c Wawan W. Efendi; Editor, Dian Arta Dina Ratu =250 ##$$a Cetakan 1 =300 ##$$a xiv, 130 halaman ; $c 21 cm =650 #4$$a Amal jariyah =700 #$$a Dian Arta Dina Ratu (editor) =264 ##$$a Solo :$b Tinta Medina,$c 2018 =336 ##$$a Teks$2 rdacontent =337 ##$$a Tanpa perantara$2 rdamedia =338 ##$$a Volume$2 rdacarrier =990 ##$$a 06580658 =990 ##$$a 06580658 =990 ##$$a 06580658